ბათუმის შოთა რუსთაველის სახელმწიფო უნივერსიტეტის ბიბლიოთეკა

ბედის მდინარე (მთის ნიავი) (ბიბ.ჩანაწერი № 51224)

000 -LEADER
fixed length control field 01008nam a2200253Ia 4500
001 - CONTROL NUMBER
control field 18184
003 - CONTROL NUMBER IDENTIFIER
control field GE_BSU
008 - FIXED-LENGTH DATA ELEMENTS--GENERAL INFORMATION
fixed length control field 181216s||||||||xx |||||||||||||| ||und||
020 ## - INTERNATIONAL STANDARD BOOK NUMBER
International Standard Book Number 978-99928-70-82-2
040 ## - CATALOGING SOURCE
Transcribing agency GE_BSU
080 ## - UNIVERSAL DECIMAL CLASSIFICATION NUMBER
Universal Decimal Classification number 821.353.1-82
100 ## - MAIN ENTRY--PERSONAL NAME
Personal name მეგრელიშვილი, გრიგოლ
245 ## - TITLE STATEMENT
Title ბედის მდინარე (მთის ნიავი)
245 ## - TITLE STATEMENT
Remainder of title პოეზია, ღვაწლი
245 ## - TITLE STATEMENT
Statement of responsibility, etc. შემდგ.:გრივერ ფარულავა, ზაურ მეძველაია. რედ.გრივერ ფარულავა. მხატვ. გოგი წერეთელი
250 ## - EDITION STATEMENT
Edition statement I-ლი გამოცემა
260 ## - PUBLICATION, DISTRIBUTION, ETC.
Place of publication, distribution, etc. თბილისი
260 ## - PUBLICATION, DISTRIBUTION, ETC.
Name of publisher, distributor, etc. წიგნის სახელოსნო
260 ## - PUBLICATION, DISTRIBUTION, ETC.
Date of publication, distribution, etc. 2009
300 ## - PHYSICAL DESCRIPTION
Extent 334 გვ. : ფოტ. ; 20 სმ.
653 ## - INDEX TERM--UNCONTROLLED
Uncontrolled term ბედის მდინარე
653 ## - INDEX TERM--UNCONTROLLED
Uncontrolled term პოეზია
942 ## - ADDED ENTRY ELEMENTS (KOHA)
Koha item type წიგნი
ეგზემპლარები
Withdrawn status Lost status Damaged status Not for loan Date acquired Barcode Date last seen Price effective from Koha item type
        2018-12-17 46381 2018-12-17 2018-12-17 წიგნი